[Event "GER-chT U20"]
[Site "Kelbra"]
[Date "2006.12.29"]
[Round "5.5"]
[White "Ottway, Christopher"]
[Black "Potzel, Andreas"]
[Result "0-1"]
[WhiteElo "1625"]
[BlackElo "1563"]
[PlyCount "90"]
[EventDate "2006.12.27"]
[EventType "team-swiss"]
[EventRounds "7"]
[EventCountry "GER"]
[SourceTitle "EXT 2008"]
[Source "ChessBase"]
[SourceDate "2007.11.25"]
[SourceVersion "1"]
[SourceVersionDate "2007.11.25"]
[SourceQuality "1"]
[WhiteTeam "Biebertal U20"]
[BlackTeam "Bindlach Aktionaer U20"]
[WhiteTeamCountry "GER"]
[BlackTeamCountry "GER"]

1. c4 d6 2. d4 g6 3. Nc3 Nf6 4. e4 Bg7 5. Nf3 0-0 6. Be2 Nbd7 7. 0-0 e5 8. Bg5 Qe8 9. dxe5 Nxe5 10. Nxe5 Qxe5 11. Bxf6 Qxf6 12. Rb1 c6 13. Qc2 Be6 14. Rbd1 Rad8 15. Rd3 Bxc4 16. Rf3 Qe6 17. Bxc4 Qxc4 18. Rd1 Rfe8 19. b3 Qe6 20. Re3 Re7 21. f3 Red7 22. Red3 Bxc3 23. Qxc3 d5 24. exd5 Rxd5 25. Rxd5 Rxd5 26. Re1 Qd7 27. Qf6 Rd1 28. Rxd1 Qxd1+ 29. Kf2 Qd2+ 30. Kg3 Qe1+ 31. Kh3 Qe6+ 32. Qxe6 fxe6 33. Kg4 h6 34. Kf4 Kf7 35. Ke5 Ke7 36. h4 c5 37. g4 b5 38. f4 h5 39. gxh5 gxh5 40. f5 c4 41. bxc4 bxc4 42. f6+ Kf7 43. Kd4 e5+ 44. Kxc4 Kxf6 45. Kd3 Kf5 0-1

[Event "GER-chT U20"]
[Site "Kelbra"]
[Date "2006.12.28"]
[Round "3.6"]
[White "Potzel, Andreas"]
[Black "Mazarov, Juergen"]
[Result "0-1"]
[WhiteElo "1563"]
[BlackElo "2061"]
[PlyCount "120"]
[EventDate "2006.12.27"]
[EventType "team-swiss"]
[EventRounds "7"]
[EventCountry "GER"]
[SourceTitle "EXT 2008"]
[Source "ChessBase"]
[SourceDate "2007.11.25"]
[SourceVersion "1"]
[SourceVersionDate "2007.11.25"]
[SourceQuality "1"]
[WhiteTeam "Bindlach Aktionaer U20"]
[BlackTeam "Bochum SG 31 U20"]
[WhiteTeamCountry "GER"]
[BlackTeamCountry "GER"]

1. e4 c5 2. c3 Nf6 3. e5 Nd5 4. d4 cxd4 5. cxd4 Nc6 6. Nf3 d6 7. Be2 e6 8. 0-0 Qc7 9. exd6 Bxd6 10. Nbd2 0-0 11. Nc4 Be7 12. Be3 Rd8 13. Qc1 Bf6 14. Rd1 b6 15. a3 Bb7 16. Nce5 Rac8 17. Nxc6 Qxc6 18. Qxc6 Rxc6 19. Rac1 Nxe3 20. fxe3 Rdc8 21. Rxc6 Rxc6 22. Bd3 Rc7 23. Rd2 Kf8 24. Kf2 g6 25. Ke2 Ke7 26. Rc2 Rxc2+ 27. Bxc2 h5 28. Bd3 Bg7 29. b3 Bf8 30. a4 Kf6 31. g3 Bd6 32. Kf2 Kg7 33. Bc4 Be4 34. Ke2 Kf6 35. Kf2 Kf5 36. h3 Bc7 37. Nh4+ Kf6 38. Nf3 Bf5 39. Kg2 Ke7 40. Nd2 g5 41. Nf3 f6 42. Be2 Bc2 43. Nd2 Bd6 44. Bc4 Ba3 45. Kf2 Bf5 46. Bf1 Bb4 47. Nf3 Kd6 48. Kg2 Kd5 49. Kg1 Be4 50. Bc4+ Kd6 51. Kf2 Bf5 52. Kg2 Ba3 53. Nd2 Bc1 54. Nf1 e5 55. dxe5+ Kxe5 56. Bf7 h4 57. g4 Be4+ 58. Kf2 f5 59. Nh2 f4 60. exf4+ Kxf4 0-1

[Event "GER-chT U20"]
[Site "Kelbra"]
[Date "2006.12.27"]
[Round "2.5"]
[White "Potzel, Andreas"]
[Black "Wolff, Christoph1111"]
[Result "1/2-1/2"]
[WhiteElo "1563"]
[BlackElo "1645"]
[PlyCount "93"]
[EventDate "2006.12.27"]
[EventType "team-swiss"]
[EventRounds "7"]
[EventCountry "GER"]
[SourceTitle "EXT 2008"]
[Source "ChessBase"]
[SourceDate "2007.11.25"]
[SourceVersion "1"]
[SourceVersionDate "2007.11.25"]
[SourceQuality "1"]
[WhiteTeam "Bindlach Aktionaer U20"]
[BlackTeam "Stadtilm Blau Weiss U20"]
[WhiteTeamCountry "GER"]
[BlackTeamCountry "GER"]

1. e4 c5 2. c3 d6 3. d4 cxd4 4. cxd4 Nf6 5. Nc3 e6 6. Nf3 Be7 7. Bd3 0-0 8. Qc2 h6 9. 0-0 a6 10. Rd1 Qc7 11. b3 Nbd7 12. Bb2 b5 13. Ba3 Re8 14. Re1 Bb7 15. Rac1 Rac8 16. Qd2 Qb6 17. Rc2 Rc7 18. h3 Qa5 19. Bb2 Rec8 20. Nh2 Qb6 21. Nf3 Kf8 22. Rec1 Qa5 23. Ne2 Qxd2 24. Nxd2 Rxc2 25. Rxc2 Rxc2 26. Bxc2 Bd8 27. Ba3 Bc7 28. e5 Ne8 29. Ne4 Ke7 30. f4 f5 31. N4c3 Kd8 32. b4 Nb6 33. Bc1 Nd5 34. Nxd5 Bxd5 35. Nc3 Bc4 36. Be3 Bb6 37. Bf2 Kd7 38. a3 Nc7 39. h4 h5 40. g3 g6 41. Bd1 Nd5 42. Nb1 Bd3 43. Nd2 Nc3 44. Bf3 Ne2+ 45. Bxe2 Bxe2 46. Nb1 Bc4 47. Nc3 1/2-1/2

[Event "Oberfranken-ch U16 0304"]
[Site "Schney"]
[Date "2004.01.04"]
[Round "6"]
[White "Schneider, Markus"]
[Black "Potzel, Andreas"]
[Result "1/2-1/2"]
[WhiteElo "1362"]
[BlackElo "1423"]
[PlyCount "42"]
[EventDate "2004.01.02"]
[EventType "swiss"]
[EventRounds "7"]
[EventCountry "GER"]
[SourceTitle "EXT 2005"]
[Source "ChessBase"]
[SourceDate "2004.11.15"]
[SourceVersion "1"]
[SourceVersionDate "2004.11.15"]
[SourceQuality "1"]

1. d4 Nf6 2. c4 g6 3. Nc3 Bg7 4. e4 d6 5. Nf3 0-0 6. Be3 Nbd7 7. Be2 e5 8. d5 Ng4 9. 0-0 Nxe3 10. fxe3 Bh6 11. Qd2 Nc5 12. b4 Nd7 13. Na4 Nf6 14. Bd3 Ng4 15. Rfe1 f5 16. exf5 Bxf5 17. Bxf5 Rxf5 18. h3 Nf6 19. Qc2 e4 20. Nd4 Re5 21. Ne6 Qe7 1/2-1/2

[Event "Oberfranken-ch U16 0304"]
[Site "Schney"]
[Date "2004.01.03"]
[Round "4"]
[White "Duetz, Christoph"]
[Black "Potzel, Andreas"]
[Result "1/2-1/2"]
[WhiteElo "1176"]
[BlackElo "1423"]
[PlyCount "137"]
[EventDate "2004.01.02"]
[EventType "swiss"]
[EventRounds "7"]
[EventCountry "GER"]
[SourceTitle "EXT 2005"]
[Source "ChessBase"]
[SourceDate "2004.11.15"]
[SourceVersion "1"]
[SourceVersionDate "2004.11.15"]
[SourceQuality "1"]

1. e4 e5 2. Nf3 Nc6 3. Bc4 Be7 4. 0-0 Nf6 5. d3 0-0 6. Nc3 d6 7. h3 Na5 8. Nd2 Nxc4 9. Nxc4 Ne8 10. Nd5 f5 11. Nxe7+ Qxe7 12. f3 fxe4 13. fxe4 Be6 14. Ne3 Rf6 15. Ng4 Bxg4 16. Qxg4 Rxf1+ 17. Kxf1 Nf6 18. Qg3 Rf8 19. Kg1 Nh5 20. Qg4 Nf4 21. Bxf4 Rxf4 22. Qc8+ Kf7 23. Qxb7 c5 24. Qxe7+ Kxe7 25. Rf1 Rh4 26. Kf2 Rh6 27. b3 Rg6 28. g3 h5 29. h4 Rh6 30. Ke2 Rh8 31. Kd2 Rb8 32. Kc3 Rb6 33. Kc4 Ra6 34. a4 Rb6 35. a5 Rb4+ 36. Kd5 Rb5 37. Ra1 Kd7 38. Ra4 c4+ 39. Kxc4 Rc5+ 40. Kb4 Rxc2 41. Kb5 Rc3 42. Rb4 Rxd3 43. Ka6 Rc3 44. Kxa7 Rc7+ 45. Rb7 Kc8 46. a6 d5 47. exd5 e4 48. d6 Rd7 49. Rxd7 Kxd7 50. Kb7 e3 51. a7 e2 52. a8Q e1Q 53. Qc8+ Kxd6 54. Qd8+ Kc5 55. Qb6+ Kd5 56. Qc6+ Kd4 57. Qc4+ Ke5 58. Qc5+ Kf6 59. Qg5+ Ke6 60. Qg6+ Kd5 61. Qxh5+ Ke6 62. Qg6+ Kd5 63. Qf7+ Kd6 64. Qc7+ Kd5 65. Qc6+ Kd4 66. Qb6+ Kd5 67. Qd8+ Kc5 68. Qc7+ Kd5 69. Qd7+ 1/2-1/2